00643nam a2200229Ia 4500001000600000003000900006008004100015040001300056040001300069041001300082100002000095100002900115245004300144245004300187250001100230260000900241260001100250300005700261500004000318650002400358650003100382H8348IT-RoPAU130308s9999 xx 000 0 und d aIT-RoPAU cIT-RoPAU aITALIANO aDriss Abdelaziz gCodice Aut. SPICS: 59341 aFantastico nei mosaici di Tunisia (Il) bFantastico Nei mosaici di Tunisia (Il) a1a ed. aROMA bLerici a"146 p. (prefazione: no ; testo: 146 [pagine: 0-0])" aPresentazione di 58 mosaici Romani. aSAGGI DI ICONOLOGIA eCodice materia Spics: 5161